Statistics for Former Countries Today

Click here to take the quiz!

General Stats

  • This quiz has been taken 36 times
  • The average score is 13 of 16

Answer Stats

Former country Present-day country % Correct
PersiaIran
100%
East PakistanBangladesh
97%
SiamThailand
97%
TibetChina
94%
CeylonSri Lanka
91%
GaulFrance
91%
RhodesiaZimbabwe
88%
Asia MinorTurkey
81%
CarthageTunisia
81%
FormosaTaiwan
81%
KampucheaCambodia
78%
AbyssiniaEthiopia
75%
EtruscanItaly
69%
NubiaSudan
66%
Upper VoltaBurkina Faso
63%
BasutolandLesotho
44%

Score Distribution

Percentile by Number Answered

Percent of People with Each Score

Your Score History

You have not taken this quiz